Instrucciones sobre las enfermedades rojas del ganado de cerda / (Record no. 35364)

MARC details
000 -LEADER
campo de control de longitud fija 00787nam a2200229 i 4500
001 - NÚMERO DE CONTROL
campo de control 35364
003 - IDENTIFICADOR DE NÚMERO DE CONTROL
campo de control ES-MaACL
005 - FECHA Y HORA DE LA ÚLTIMA TRANSACCIÓN
campo de control 20230906155120.0
007 - CAMPO FIJO DE DESCRIPCIÓN FÍSICA--INFORMACIÓN GENERAL
campo de control de longitud fija t|
008 - DATOS DE LONGITUD FIJA--INFORMACIÓN GENERAL
campo de control de longitud fija 030212s1912 sp ||||1| spa d
100 1# - ENTRADA PRINCIPAL--NOMBRE DE PERSONA
Nombre de persona Bosch Miralles, Antonio.
9 (RLIN) 30663
245 10 - MENCIÓN DEL TÍTULO
Título Instrucciones sobre las enfermedades rojas del ganado de cerda /
Mención de responsabilidad, etc. Antonio Bosch Miralles.
260 ## - PUBLICACIÓN, DISTRIBUCIÓN, ETC.
Lugar de publicación, distribución, etc. Palma de Mallorca :
Nombre del editor, distribuidor, etc. [s.n.],
Fecha de publicación, distribución, etc. 1912 (
Fabricante Tip.-lit. de Amengual y Muntaner)
300 ## - DESCRIPCIÓN FÍSICA
Extensión 61 p. ;
Dimensiones 16 cm.
490 1# - MENCIÓN DE SERIE
Mención de serie Cartilla sanitaria
594 ## - Nota al título y mención de responsabilidad
Nota al título y mención de responsabilidad Precede al tít.: Consejo Provincial de Fomento de Baleares.
710 2# - ENTRADA AGREGADA--NOMBRE DE ENTIDAD CORPORATIVA
Nombre de entidad corporativa o nombre de jurisdicción como elemento de entrada Consejo Provincial de Fomento (Baleares)
9 (RLIN) 141640
830 0# - PUNTO DE ACCESO ADICIONAL DE SERIE-TÍTULO UNIFORME
Título uniforme Cartilla sanitaria
9 (RLIN) 181892
852 ## - LOCALIZACIÓN
Ubicación ES-MaACL
Número de control de estantería 1657-F-6
852 ## - LOCALIZACIÓN
Ubicación ES-MaACL
Número de control de estantería 1650-F-3
Holdings
Estatus retirado Estado de pérdida Estado de daño No para préstamo Colección Biblioteca de origen Biblioteca actual Ubicación en estantería Fecha de adquisición Fuente de adquisición Total de préstamos Signatura topográfica completa Código de barras Visto por última vez Precio de reemplazo Tipo de ítem Koha
        Colección de folletos Biblioteca del Ateneo de Madrid Biblioteca del Ateneo de Madrid Depósito folletos 26/11/2009     1650-F-3 1181918 23/02/2023 23/02/2023 Folleto
        Colección de folletos Biblioteca del Ateneo de Madrid Biblioteca del Ateneo de Madrid Depósito folletos 17/01/2008     1657-F-6 1036996 23/02/2023 23/02/2023 Folleto